Регионална библиотека "Любен Каравелов" - Русе

Неизвестният Берия (Запис номер 66512)

MARC детайли
000 -Лидер
Контролно поле с фиксирана дължина 02475nam a2200457 c 4500
003 - Код на организацията, давaща контролен номер
Контролно поле BLK
005 - Дата и час на последна редакция
Контролно поле 20191021110732.0
008 - Елементи от данни с фиксирана дължина
fixed length control field 180408b bul|||||r ||||||| ||bul||
010 ## - Наследен системен номер
LC control number KNG00070810000
020 ## - Международен стандартен номер на книга ISBN
Международен стандартен номер на книга ISBN 978-954-585-755-3
-- издат.: Бард
040 ## - Източник на каталожния запис
Идентификатор на билиотеката - собственик на записа BLK
041 ## - Код за език
Код за езика на текст/звукозапис или на отделно заглавие Български
Код за езика КДБФ Български
080 ## - УДК
Текстов определител УДК Органи на обществения ред. Полиция. Обществена власт. Доброволни отреди. Държавна сигурност. Милиция. Дейност на полицията по вътрешно разузнаване
УДК код - определител по УДК 351.74
УДК определител (47+57)(091)(092)
УДК - код + определител 351.74(47+57)(091)(092)
080 ## - УДК
Текстов определител УДК Вътрешна политика. Вж и 329
УДК код - определител по УДК 323
УДК определител (47+57)(091)(092)
УДК - код + определител 323(47+57)(091)(092)
080 ## - УДК
Текстов определител УДК Съветски офицер и политик, началник на съветските тайни служби
УДК код - определител по УДК 929 Берия, Лаврентий Павлович
УДК определител
УДК - код + определител 929 Берия, Лаврентий Павлович
100 1# - Редна дума - Автор
Автор Топтигин, Алексей
Авторска отговорност първи автор
R(LIN) 130583
139 ## - Редно поле
Редна дума Топтигин, Алексей
Авторски знак Бер - Б 38
245 10 - Сведения за заглавието
Заглавие Неизвестният Берия
Подзаглавни данни Маршалът на Държавна сигурност
Редно поле (дума) Алексей Топтигин; прев. от рус. Татяна Балова.
257 ## - Страна на издаване
Страна на създаване/издаване Русия
260 ## - Област на издателските данни
-- София
Име на издателя, разпространителя и проч. Бард
Година на издаване 2007
300 ## - Физическа характеристика
Страници 480 с.
Размери/Мащаб 21 см
380 ## - Жанр
Жанр Обществени науки
490 1# - СЕРИИ (Колекции)
Име на серия Гении и злодеи
500 ## - Общи забележки
Забележка Ориг. загл. Лаврентий Берия - неизвестный маршал госбезопасности / А. Топтыгин. - В библиогр. каре загл. Лаврентий Берия - неизвестният маршал от Държавна сигурност. - Офс. изд.
600 14 - Име на лице, използвано като предмет
За него / За нея Берия, Лаврентий Павлович
9 (RLIN) 244429
650 #4 - Допълнително описание по предмет – тема
Основно описание – тема или топоним Политици, съветски
9 (RLIN) 250566
650 #4 - Допълнително описание по предмет – тема
Основно описание – тема или топоним Държавна сигурност - СССР - история
9 (RLIN) 255978
650 #4 - Допълнително описание по предмет – тема
Основно описание – тема или топоним Берия, Лаврентий Павлович
9 (RLIN) 244429
653 ## - Ключова дума – ненормативна
Ключова дума СССР
653 ## - Ключова дума – ненормативна
Ключова дума КПСС
653 ## - Ключова дума – ненормативна
Ключова дума Берия
653 ## - Ключова дума – ненормативна
Ключова дума държавна сигурност
653 ## - Ключова дума – ненормативна
Ключова дума история
653 ## - Ключова дума – ненормативна
Ключова дума биографии
700 1# - Други автори (авторска отговорност)
Лично име Балова, Татяна
Автороска отговорност (Описва отношението между автора и произведението) прев. от рус.
9 (RLIN) 365658
852 ## - Местоположение
Форматна сигнатура Цб 230877
856 4# - Електронен адрес и достъп
Електронен формат pdf - файл
Път до файла /url/
856 4# - Електронен адрес и достъп
Електронен формат pdf - файл
Път до файла /url/
942 ## - АРТИКУЛИ
Вид на библиотечния материал Книги
Скрит в OPAC Не
Koha issues (borrowed), all copies 2
944 ## - СЪЗДАВАНЕ И РЕДАКЦИЯ на ЗАПИСА
Създаване/Редакция Създаване
Дата на регистрацията/редакция 29.01.2007
Служител, извършил регистрацията/редакцията Людмила_Стоянова
944 ## - СЪЗДАВАНЕ И РЕДАКЦИЯ на ЗАПИСА
Създаване/Редакция Редакция
Дата на регистрацията/редакция 07.08.2008
Служител, извършил регистрацията/редакцията
999 ## - СИСТЕМНИ КОНТРОЛНИ НОМЕРА
Koha biblionumber 66512
Koha biblioitemnumber 66512
Наличности
Код за отписване Код за изгубен артикул Източник на класификационната схема Код за повреда Коз за рестрикции Код за отдаване Артикулен № Име на библиотеката - собственик Име на библиотеката, в която се намира в момента Статус (Текущо местоположение) Дата на вписване в системата Местоположение - отдел Цена в лева Инвентарен номер Систематично азбучна сигнатура Баркод Номер на екземпляра Цена в евро Служебна бележка Служебен тип на артикула
  Не е изгубен Universal Decimal Classification Не е повреден без рестрикции заемане за дома 110295 Регионална библиотека "Любен Каравелов" Русе Регионална библиотека "Любен Каравелов" Русе Заемна - подръчен фонд 2007-01-29 Заемна - подръчен фонд 11.99 120000708860 П 351/Б 38 120000708860 1 6.13 Дост: Pk Вид: Ф N: 1 Дата: 29.01.2007 Дата инв: 07.02.2018 Бележки инв: П2018 Книги
  Не е изгубен   Не е повреден без рестрикции ползва се в читалня 110296 Регионална библиотека "Любен Каравелов" Русе Регионална библиотека "Любен Каравелов" Русе Хранилище 2007-11-28 Хранилище 11.99 120000720503 Цб 230877 120000720503 2 6.13 Дост: Dp Вид: Д N: 36 Дата: 16.08.2007 Книги
Изтеглен Не е изгубен Universal Decimal Classification Не е повреден без рестрикции заемане за дома 110297 Регионална библиотека "Любен Каравелов" Русе Регионална библиотека "Любен Каравелов" Русе Заемна - подръчен фонд 2007-12-10 Заемна - подръчен фонд 11.99 120000720942 П 351/Б 38 120000720942 3 6.13 Дост: Pk Вид: Ф N: 151 Дата: 05.12.2007 Книги
Vip Innovations Ltd, Rousse, Bulgaria 2025